Personality, cognition and social interaction (Record no. 1375942)

MARC details
000 -LEADER
fixed length control field 00601nam a2200205Ia 4500
005 - DATE AND TIME OF LATEST TRANSACTION
control field 20250508162335.0
008 - FIXED-LENGTH DATA ELEMENTS--GENERAL INFORMATION
fixed length control field 008 250505s9999 xx 000 0 eng d
020 ## - INTERNATIONAL STANDARD BOOK NUMBER
International Standard Book Number 0-89859-057-4
037 ## - SOURCE OF ACQUISITION
Stock number Textual
040 ## - CATALOGING SOURCE
Original cataloging agency FEDL
Language of cataloging eng
Transcribing agency FEDL
041 ## - LANGUAGE CODE
Language code of text/sound track or separate title eng
Source of code eng
084 ## - COLON CLASSIFICATION NUMBER
Classification number 302, CAN
Assigning agency FEDL
100 ## - MAIN ENTRY--PERSONAL NAME
Personal name Cantor Nancy Ed.
245 #0 - TITLE STATEMENT
Title Personality, cognition and social interaction
260 ## - PUBLICATION, DISTRIBUTION, ETC.
Place of publication, distribution, etc. Hillsdale
Name of publisher, distributor, etc. Lawrence Erlbaum Associates, Publishers
Date of publication, distribution, etc. 1981
300 ## - PHYSICAL DESCRIPTION
Extent xiv,362p
700 ## - ADDED ENTRY--PERSONAL NAME
Personal name Kihlstrom John F. Ed.
9 (RLIN) 772916
942 ## - ADDED ENTRY ELEMENTS (KOHA)
Koha item type Textual
Classification part 302, CAN
Holdings
Withdrawn status Lost status Damaged status Not for loan Home library Current library Date acquired Total Checkouts Full call number Barcode Date last seen Price effective from Koha item type
        Department of Education Library Department of Education Library 2025-05-08   302, CAN EL0066402 2025-05-08 2025-05-08 Textual
Copyright @ Delhi University Library System